Pays Bordant la Mer des Caraïbes - Statistiques

Statistiques générales
  • Ce quiz a été pris 104 fois
  • Le résultat moyen est 19 sur 25
Statistiques - réponses
Pays % Correct
Cuba
94%
Mexique
90%
Panama
90%
Costa rica
86%
Haïti
85%
République dominicaine
85%
Vénézuela
85%
Jamaïque
84%
Nicaragua
84%
France (Guadeloupe, Martinique, Saint Martin, Saint Barthélemy)
83%
Belize
81%
Honduras
81%
Colombie
79%
Trinité-et-Tobago
79%
Dominique
78%
Sainte Lucie
77%
Antigua-et-Barbuda
73%
Guatemala
73%
Saint-Vincent et les Grenadines
73%
Grenade
69%
Saint-Christophe-et-Nieves
65%
États-Unis (Iles Vierges, Porto rico, Ile de la Navasse)
54%
Pays-Bas (Curaçao, Bonaire, Saba, Saint Eustache, Aruba)
43%
Royaume-Uni (Montserrat, Anguilla, Iles Vierges)
41%
Barbades
28%
Aucun quiz correspondant
Distribution des résultats
% des personnes avec chaque résultat
Percentile par nombre de réponses
Votre historique - résultats
Vous n’avez pas pris ce quiz